| 000 | 05096nam a2200325 a 4500 | ||
|---|---|---|---|
| 001 | 000002207 | ||
| 003 | DO-SdBPM | ||
| 005 | 20250415125956.0 | ||
| 008 | 090701s1990 dr 000 0 spa d | ||
| 040 |
_aDO-SdBPM _bspa _cBPMSU |
||
| 082 | 4 |
_a331.8097293 _bC343m 1990 _222 |
|
| 100 | 1 | _aCassá, Roberto, 1948- | |
| 245 | 1 | 0 |
_aMovimiento obrero y lucha socialista en la República Dominicana : _bdesde los origenes hasta 1960 / _cRoberto Cassá. |
| 260 |
_aSanto Domingo : _bFundación Cultural Dominicana, _c1990. |
||
| 300 |
_a620 p ; _c23 cm. |
||
| 500 | _aIncluye notas al pie de las páginas. | ||
| 504 | _aIncluye bibliografía téorica y temática. | ||
| 505 | 0 |
_tAgradecimiento -- _tIntroducción -- _tHistoria social e historia política -- _tPrecisiones sobre clases y sujetos -- _tSobre el objeto de estudio -- _tAlgunos elementos metodológicos -- _gCapítulo I: _tFormación de la clase trabajadora y antecedentes de luchas -- _tEsbozo sobre los marcos constitutivos del capitalismo local -- _tCrecimiento y heterogeneidad de los trabajadores -- _tPatrones de la organización obrera hasta 1930 -- _tEvolución temprana del gremialísmo -- _tLa liga de obreros y artesanos -- _tAmpliación de la organización y oleada de huelgas durante la ocupación militar norteamericana -- _tLa politización del movimiento obrero y liderazgo local -- _tLa Confederación Dominicana del Trabajo -- _tLas ideas de los líderes pensantes -- _tAdalberto Chapuseaux, precursor del comunismo militante -- _gCapitulo II : _tImplantación de la dictadura trujillista y sometimiento del movimiento obrero -- _tLos umbrales de 1929 -- _tEl ascenso de Trujillo al poder -- _tLa política social de la dictadura -- _tEl movimiento obrero ante la implantación de la dictadura -- _tLa CDT como aparato de Estado -- _tSentido de la legislación obrera -- _tMovimiento reivindicativos en los inicios de la dictadura -- _tLa Asociación de Instrucción y Socorro de Obreros y Campesinos y los hechos de 1934 en Santiago -- _tOtros brotes de comunismo y oposición a la dictadura -- _tIntegración de los intelectuales al Estado y sus consecuencias -- _tLas propuestas de Enrique Jiménez -- _tEl populismo marxista de Jimenes Grullón -- _gCapítulo III: _tLa lucha revolucionaria clandestina en los años cuarenta y el Partido Democrático Revolucionario Dominicano -- _tFactores causales de la aparición del moviminto comunista -- _tEfectos de la migración republicana española -- _tGestiones iniciales de la organización revolucionaria -- _tLos círculos constitutivos del PDRD -- _tFundación y primeros pasos del PDRD -- |
|
| 505 | 0 |
_tEl PDRD a través de sus documentos -- _tLa juventud revolucionaria -- _tEl Frente Nacional Demócratico -- _tLos comunistas y los Estados Unidos -- _tLa ofensiva opositora de mediados de 1945 y el proceso posterior -- _gCapítulo IV: _tEl resurgimiento del movimiento obrero 1939-1945 -- _tFundamentos de reconstitución -- _tIntensificación de la explótación social -- _tSistema de fichas y vales -- _tCambios socioeconómico en la década de los cuarenta -- _tDel gremio al sindicato -- _tNuevos componentes de la legislación laboral -- _tIncremento de las luchas reivindicativas -- _tMauricio Báez y la Federación Local de San Pedro de Macorís -- _tLa huelga de 1942 y la Federación Local de La Romana -- _gCapítulo V: _tLa huelga azucarera de 1946 y coyunturas ulteriores -- _tLo espontáneo y lo organizado en la huelga general -- _tLas actitudes del régimen -- _tOrganización de la huelga -- _tLa huelga de ferrocarrileros en noviembre y otros prolegómenos -- _tDesenvolvimiento de la huelga -- _tPersistencia de la agitación en el sector azucarero -- _tLas luchas reivindicativas en los sectores no azucarero -- _tEl Congreso Obrero Nacional -- _tEl sector azucarero a fines de 1946 y la Federación Nacional de Trabajadores Azucareros (FNTA) -- _gCapítulo VI: _tEl Partido Socialista Popular -- _tLa recomposición en el exilio -- _tCambios en la escena internacional -- _tBases ideológicas y programáticas del Partido Socialista Popular -- _tEl auge de las masas -- _tLa noche roja -- _tLa controversia del régimen -- _tDivergencias y parálisis en el PSP -- _tEl desmembramiento del partido -- _gCapítulo VI: _tLos comunistas en el exilio -- _tMinimización de la oposición y del movimiento obrero -- _tLa reconstrución del partido en el exilio -- _tDefiniciones políticas y divergencias -- _tLa revolución cubana y la invasión de 1959 -- _tAbreviaturas -- _tBibliografía teórica -- _tBibliografía temática -- _tPublicaciones periódicas -- |
|
| 505 | 0 |
_tComunicaciones -- _tEntrevistas, comunicaciones y testimonios orales. |
|
| 590 | _aInventariado, 2025/VM | ||
| 650 | 1 | 4 |
_aTrabajo y trabajadores _zRepública Dominicana _xHistoria |
| 650 | 1 | 4 |
_aMovimiento obrero _xHistoria. _zRepública Dominicana |
| 650 | 1 | 4 |
_aDerecho laboral _zRepública Dominicana _xHistoria |
| 650 | 4 |
_aSindicatos _xActividad política _xHistoria |
|
| 651 | 1 | 4 |
_aRepública Dominicana _xPolítica y gobierno _y1930-1961 |
| 710 | 2 | _aFundación Cultural Dominicana. | |
| 910 | _aVMateo V. Control de calidad BPMSU | ||
| 942 |
_2ddc _cBK |
||
| 999 |
_c15019 _d15019 |
||